Statistics for University by Logo [100!]

Click here to take the quiz!

General Stats

  • This quiz has been taken 31 times
  • The average score is 52 of 100

Answer Stats

Answer% Correct
{Harvard} University
96%
{Stanford} University
89%
University of California, {Los Angeles}
89%
California Institute of Technology
86%
{Columbia} University
86%
Massachusetts Institute of Technology
86%
{Princeton} University
86%
{Washington} University in {St. Louis}
86%
University of {Michigan--Ann Arbor}
82%
University of {Washington}
82%
{Boston} University
79%
{Cornell} University
79%
{Northwestern} University
79%
{Ohio State} University
79%
University of California, {Berkeley}
79%
University of California, {Santa Barbara}
79%
University of {Florida}
79%
{Vanderbilt} University
79%
University of {Pennsylvania}
75%
University of {Virginia}
75%
{Yale} University
75%
{New York} University
71%
{Purdue} University
71%
{Texas A&M} University
71%
University of California, {Irvine}
71%
University of {Illinois Urbana-Champaign}
71%
University of {Maryland, College Park}
71%
{Brown} University
68%
{Carnegie Mellon} University
68%
{Dartmouth} University
68%
{Syracuse} University
68%
University of California, {San Diego}
68%
University of {Georgia}
68%
University of {Notre Dame}
68%
Virginia Tech
68%
University of {Miami}
64%
William & Mary
64%
Georgia Institute of Technology
61%
{Rice} University
61%
University of {Minnesota, Twin Cities}
61%
Indiana University--Bloomington
57%
University of California, {Davis}
57%
University of California, {Riverside}
57%
University of {North Carolina Chapel Hill}
57%
University of {Oregon}
57%
{Auburn} University
54%
Colorado School of Mines
54%
{Duke} University
54%
{George Washington} University
54%
{Gonzaga} University
54%
{Michigan State} University
54%
{North Carolina State} University
54%
University of {Chicago}
54%
University of {Texas at Austin}
54%
{Santa Clara} University
50%
University of {Delaware}
50%
{American} University
46%
{Baylor} University
46%
Pennsylvania State University--University Park
46%
University of {Iowa}
46%
{Case Western Reserve} University
43%
{Southern Methodist} University
43%
{Temple} University
43%
University of {Buffalo--SUNY}
43%
University of California, {Santa Cruz}
43%
University of {Illinois-Chicago}
43%
University of {Wisconsin--Madison}
43%
{Drexel} University
39%
{Fordham} University
39%
{Loyola Marymount} University
39%
{Northeastern} University
39%
{Tulane} University
39%
University of {Southern California}
39%
{Georgetown} University
36%
New Jersey Institute of Technology
36%
{Villanova} University
36%
{Emory} University
32%
{Lehigh} University
32%
{Binghamton} University--SUNY
29%
University of California, {Merced}
29%
{Florida State} University
25%
{Howard} University
25%
Rensselaer Polytechnic Institute
25%
{Tufts} University
25%
University of {Pittsburgh}
25%
University of {Rochester}
25%
{Wake Forest} University
25%
{Brandeis} University
21%
{Johns Hopkins} University
21%
{Rutgers} University
21%
{Stony Brook} University--SUNY
21%
University of {South Florida}
21%
{Clemson} University
18%
{Pepperdine} University
14%
University of {Connecticut}
14%
Illinois Institute of Technology
11%
University of {Massachusetts--Amherst}
7%
{Marquette} University
4%
Stevens Institute of Technology
4%
Worcester Polytechnic Institute
4%

Score Distribution

Percentile by Number Answered

Percent of People with Each Score

Your Score History

You have not taken this quiz